| 000 | 00504nam a2200157 i 4500 | ||
|---|---|---|---|
| 001 | 147919 | ||
| 003 | ES-MaACL | ||
| 005 | 20230906202325.0 | ||
| 007 | t| | ||
| 008 | 071008s1939 sp ||||1| spa d | ||
| 100 | 1 |
_aUrbina, Antonio. _9112087 |
|
| 245 | 1 | 3 |
_aLa lucha de clases y el sentido nacional y social del nuevo estado _b: conferencia / _cAntonio Urbina. |
| 260 |
_aBarcelona : _bSociedad General de Publicaciones, _c1939. |
||
| 300 |
_a48 p. ; _c16 cm. |
||
| 852 |
_aES-MaACL _j1828-F-4 _bR.18370 |
||
| 999 |
_c147919 _d147919 |
||